Využívanie outsourcingu technológií v podnikoch na Slovensku

Outsourcing informačných technológií (IT) sa začal objavovať v polovici 60. rokov minulého storočia. Využíval sa hlavne pre aplikácie orientované na finančnú a operatívnu oblasť. Hlavné dôvody pre outsourcing IT do roku 1990. V súčasnosti je outsourcing vo svete využívaný predovšetkým ako jeden z ná...

Descrizione completa

Salvato in:
Dettagli Bibliografici
Autore principale: Romanová, Anita, 1973-
Natura: Capitolo di libro
Lingua:slovacco
Soggetti:
Tags: Aggiungi Tag
Nessun Tag, puoi essere il primo ad aggiungerne!!

MARC

LEADER 00000naa$a2200000$$$4500
001 0022957
005 20240502071415.7
041 0 |a slo 
044 |a SK 
245 1 0 |a Využívanie outsourcingu technológií v podnikoch na Slovensku  |c Anita Romanová 
520 |a Outsourcing informačných technológií (IT) sa začal objavovať v polovici 60. rokov minulého storočia. Využíval sa hlavne pre aplikácie orientované na finančnú a operatívnu oblasť. Hlavné dôvody pre outsourcing IT do roku 1990. V súčasnosti je outsourcing vo svete využívaný predovšetkým ako jeden z nástrojov strategického riadenia podniku hlavne ako nástroj optimalizácie spotreby podnikových zdrojov pri zohľadňovaní základných strategických cieľov podniku. Prieskum využívania služieb outsourcingu pre IS/IT v podnikoch. 
610 2 0 |a outsourcing 
610 2 0 |a technológie informačné 
610 2 0 |a technológie komunikačné 
610 2 0 |a podnik 
610 2 0 |a Slovensko 
100 1 |a Romanová, Anita, 1973-